Normal view
MARC view
- México
Entry Nombre Geográfico
Number of records used in: 251
001 - NÚMERO DE CONTROL
- campo de control: 5661
003 - IDENTIFICADOR DE NUMERO DE CONTROL
- campo de control: MX-MxUPN
005 - FECHA Y HORA DE LA ÜLTIMA TRANSACCIÓN
- campo de control: 20240918131823.0
008 - DATOS DE LONGITUD FIJA
- campo de control de longitud fija: 240412n||fcnnnbabn | ana |d
035 ## - NÚMERO DE CONTROL
- Número de control: UPN10000005661
040 ## - FUENTE DE CATALOGACIÓN
- Agencia de catalogación original: MX-MxUPN
- Lenguaje de catalogación: spa
- Agencia de transcripción: MX-MxUPN
053 #4 - NÚMERO DE CLASIFICACIÓN LC
- Elemento de número de clasificación-número único o número de inicio de tramo: HC135
151 ## - ENCABEZAMIENTO - NOMBRE GEOGRÁFICO
- Nombre geográfico: México
- Subdivisión general : Condiciones económicas
670 ## - FUENTE EN LA QUE SE LOCALIZARON DATOS
- Cita de la fuente: E
902 ## - CATALOGADOR
- Catalogador: PN/010896
